आंखर / (Record no. 114495)

MARC details
000 -LEADER
fixed length control field 00990nam a22002537a 4500
005 - DATE AND TIME OF LATEST TRANSACTION
control field 20170124103009.0
010 ## - LIBRARY OF CONGRESS CONTROL NUMBER
LC control number A-426002
020 ## - INTERNATIONAL STANDARD BOOK NUMBER
Terms of availability 25.00
035 ## - SYSTEM CONTROL NUMBER
System control number A-426002
037 ## - SOURCE OF ACQUISITION
Source of stock number/acquisition Cen Lib/Ret
040 ## - CATALOGING SOURCE
Original cataloging agency DPL
Language of cataloging HN
082 ## - DEWEY DECIMAL CLASSIFICATION NUMBER
Classification number
Item number उपाध्या
100 ## - MAIN ENTRY--PERSONAL NAME
Personal name उपाध्याय, देवेन्द्र
9 (RLIN) 43407
245 ## - TITLE STATEMENT
Title आंखर /
Statement of responsibility, etc देवेन्द्र उपाध्याय
246 ## - VARYING FORM OF TITLE
Title proper/short title Ankhahar /
Remainder of title by Devendra Upadhayay
260 ## - PUBLICATION, DISTRIBUTION, ETC. (IMPRINT)
Place of publication, distribution, etc दिल्ली
Name of publisher, distributor, etc सुनील साहित्य सदन
Date of publication, distribution, etc 1987
270 ## - ADDRESS
Address ए-१०१, उत्तरी घोंडा
City दिल्ली
Postal code 110053
300 ## - PHYSICAL DESCRIPTION
Extent 102पृ.
Dimensions 16सेमी(सजिल्द )
650 ## - SUBJECT ADDED ENTRY--TOPICAL TERM
Topical term or geographic name as entry element हिंदी साहित्य
General subdivision
Geographic subdivision
9 (RLIN) 57039
650 ## - SUBJECT ADDED ENTRY--TOPICAL TERM
Topical term or geographic name as entry element हिंदी उपन्यास
9 (RLIN) 57040
650 ## - SUBJECT ADDED ENTRY--TOPICAL TERM
Topical term or geographic name as entry element Hindi literature
Form subdivision
9 (RLIN) 57041
650 ## - SUBJECT ADDED ENTRY--TOPICAL TERM
Topical term or geographic name as entry element Hindi fiction
9 (RLIN) 27248
942 ## - ADDED ENTRY ELEMENTS (KOHA)
Source of classification or shelving scheme Dewey Decimal Classification
Koha item type Hindi Books
Classification part
Call number suffix उपाध्या
Holdings
Withdrawn status Lost status Damaged status Not for loan Home library Current library Date acquired Source of acquisition Cost, normal purchase price Total Checkouts Full call number Barcode Date last seen Copy number Cost, replacement price Price effective from Koha item type
        Central Library Central Library 18/08/2015 Cen Lib/Ret 25.00   उ उपाध्या A-426002 18/08/2015 1 25.00 18/08/2015 Hindi Books

© Delhi Public Library
Hit Counter
free hit counter